NASCAR Trivia - Statistics

General Stats
  • This quiz has been taken 39 times
  • The average score is 11 of 15
Answer Stats
Question Answer % Correct
What are the 4 main sponsors of the NASCAR Cup Series? Xfinity, Geico, Busch, Coca-Cola
100%
As of 2022, how many titles has Ty Gibbs won in the NASCAR Cup Series? 0
91%
In 2022, what was Denny Hamlin's primary sponsor? FedEx
91%
As of 2022, how many titles has Austin Dillon won in the NASCAR Cup Series? 0
82%
As of 2022, how many titles has Kyle Busch won in the NASCAR Cup Series? 2
82%
Who was the 2021 NASCAR Cup Series Champion? Kyle Larson
82%
As of 2022, how many titles has Kevin Harvick won in the NASCAR Cup Series? 1
73%
What year did Joey Logano win his 2nd title in the NASCAR Cup Series? 2022
73%
What state is Atlanta Motor Speedway in? Georgia
73%
What team did Alex Bowman drive for in the 2021 NASCAR Cup Series? Hendrick Motorsports
73%
Who was the 2008 NASCAR Cup Series Champion? Jimmie Johnson
73%
What team did Austin Cindric drive for in the 2022 NASCAR Cup Series? Team Penske
73%
After Kurt Busch got a concussion at Pocono in 2022, who was the next driver to drive the number 45 car in the NASCAR Cup Series? Ty Gibbs
64%
In 2021, what team did Bubba Wallace drive for? 23XI Racing
55%
As of 2022, how many titles has Denny Hamlin won in the NASCAR Cup Series? 0
45%
No matching quizzes found
Score Distribution
Percent of People with Each Score
Percentile by Number Answered
Your Score History
You have not taken this quiz